000 00301nam a22001337a 4500
008 181015b xxu||||| |||| 00| 0 eng d
020 _a0894436988
041 _aeng
080 _a610.73
100 _a2
101 _aINF
245 _aEducating The Nurse Manager
_cStevens.B.J
942 _2udc
_cBK
999 _c49774
_d49774